शाहू फुले आंबेडकर : एक शोध समता व स्वातंत्र्य (Record no. 1221102)

MARC details
000 -LEADER
fixed length control field 00592nam a2200169Ia 4500
008 - FIXED-LENGTH DATA ELEMENTS--GENERAL INFORMATION
fixed length control field 260427s2026 xx 000 0 und d
041 ## - LANGUAGE CODE
Language code of text/sound track or separate title Hin
082 ## - DEWEY DECIMAL CLASSIFICATION NUMBER
Classification number 330
082 ## - DEWEY DECIMAL CLASSIFICATION NUMBER
Item number शाहा
100 ## - MAIN ENTRY--PERSONAL NAME
Personal name शाहा रमणलाल
245 ## - TITLE STATEMENT
Title शाहू फुले आंबेडकर : एक शोध समता व स्वातंत्र्य
260 ## - PUBLICATION, DISTRIBUTION, ETC.
Place of publication, distribution, etc. सातारा
Name of publisher, distributor, etc. अनिकता रोहित शाहा
Date of publication, distribution, etc. 2026
300 ## - PHYSICAL DESCRIPTION
Extent 402p
365 ## - TRADE PRICE
Unit of pricing 500
650 ## - SUBJECT ADDED ENTRY--TOPICAL TERM
Topical term or geographic name entry element समाजशास्त्र
700 ## - ADDED ENTRY--PERSONAL NAME
Personal name शाहा रमणलाल
Holdings
Withdrawn status Lost status Damaged status Not for loan Home library Current library Date acquired Cost, normal purchase price Total Checkouts Full call number Barcode Date last seen Price effective from Koha item type
        Abhijit Kadam Institute of Management & Social Science, Solapur Abhijit Kadam Institute of Management & Social Science, Solapur 22/04/2026 500.00   330 AKS-X-00554 27/04/2026 27/04/2026 Book